000 01284cam a2200289 4500
001 ne 63002551
003 DLC
005 20260227111753.0
008 890216m19639999ua bd f000 0 ara c
010 _ane 63002551
040 _aPrinceton Univ. Library
_cDLC
_dDLC
050 0 0 _aPJ6620
_b.T3
100 1 _aTahānawī, Muḥammad Aʻlá ibn ʻAlī,
_dactive 1745.
245 1 0 _aKashshāf iṣṭilāḥāt al-funūn,
_btaʼlīf ʻAlī al-Fārūqī al-Tahānawī.
_cḤaqqaqahu Luṭfī ʻAbd al-Badīʻ. Tarjamah al-nuṣūṣ al-Fārsīyah ʻAbd al-Munʻim Muḥammad Ḥasanayn. Rajāʻahu Amīn al-Khūlī.
260 _a[al-Qāhirah] :
_bal-Muʼassasah al-Miṣrīyah al-ʻĀmmah lil-Taʼlīf wa-al-Tarjamah wa-al-Ṭibāʻah wa-al-Nashr,
_c[1963]-<1977 >
300 _av. <1-4 >
_c29 cm.
490 1 _aTurāthunā
500 _aAdded t.p.: Kashaf issttilahat al funun.
500 _aVols. 3-4 published by al-Hayʼah al-Miṣrīyah al-ʻĀmmah lil-Kitāb.
504 _aIncludes bibliographical references.
650 0 _aArabic language
_vDictionaries.
700 2 _aʻAbd al-Badīʻ, Luṭfī.
700 1 _aḤusayn, ʻAbd al-Munʻim Muḥammad.
700 1 _aKhūlī, Amīn.
740 0 _aKashaf issttilahat al funun.
830 0 _aTurāthunā (Cairo, Egypt)
999 _c46496
_d46496